| 000 | 00614nam a2200241Ia 4500 | ||
|---|---|---|---|
| 003 | OSt | ||
| 005 | 20221007101955.0 | ||
| 006 | a|||||r|||| 00| 0 | ||
| 007 | ta | ||
| 008 | 221006b |||||||| |||| 00| 0 eng d | ||
| 024 | _a9,063 | ||
| 037 | _cTextual | ||
| 040 |
_aLCO _cLCO _beng |
||
| 041 |
_2eng _aeng |
||
| 082 | _aZm2,N76, L6 | ||
| 245 | 0 | _aREPORTS OF COMPANY CASES | |
| 260 |
_aMadras _bCompany Law Instt. of India Pvt. Ltd. _c1976 |
||
| 300 | _a1140 | ||
| 490 | _v46 | ||
| 650 |
_aREPORTS OF COMPANY CASES _9704084 |
||
| 942 |
_hZm2,N76, L6 _cTEXL |
||
| 999 |
_c1178626 _d1178626 |
||